Estadísticas para Historia y cultura de Baleares.(Mallorca, Menorca, Ibiza, Formentera)

Haz click aquí para intentar la prueba.

Estadísticas generales

  • Esta prueba ha sido intentada 111 veces
  • La puntuación promedio es 9 de 38

Estadísticas de respuestas

PREGUNTARESPUESTA% Correcto
¿Qué isla balear era conocida por los griegos como "Isla de las serpientes"?Formentera
69%
Si la capital religiosa de Menorca es Ciutadella, ¿cuál es la capital política?Maó
55%
¿Qué edificio situado en Mallorca destaca por ser uno de los pocos castillos de planta circular de toda Europa?Castell de Bellver
42%
¿Qué banda terrorista española perpetra en Baleares su último atentado con víctimas mortales en suelo español?ETA
42%
¿Cuál es el estilo arquitectónico principal en el conjunto de la Catedral de Mallorca?Gótico
41%
Desde la reinstauración de la democracia, ¿cuál ha sido el partido político hegemónico en las instituciones baleares?Partido Popular
41%
Entre 1276 y 1349, ¿cuántos reyes de la Casa de Mallorca se sucedieron en el trono?3
40%
¿Qué famoso pianista polaco del siglo XIX se estableció durante un breve período en la Real Cartuja de Valldemossa?Frédéric Chopin
40%
¿En qué islas encontramos, en la Edad del Bronce y Edad del Hierro, restos de la Cultura Talayótica?Mallorca y Menorca
40%
Entre 1756 y 1763, ¿qué gran potencia europea ejercía poder político y territorial sobre Menorca?Francia
33%
¿Cuál es la residencia "oficiosa" de la familia real española en sus estancias en Baleares?Palacio de Marivent
31%
¿En la costa de qué importante municipio mallorquín desembarcaron en Agosto de 1936 las tropas republicanas durante la Guerra Civil española, con la intención de recuperar el control de la isla?Manacor
29%
El verano de 1977 jóvenes de ideario libertario y ecologista protagonizaron un importante hito de la historia de Balears. Ocuparon La __________Dragonera
28%
¿Qué importante capital, durante el siglo XIX, comarcal fue la primera en comunicarse por ferrocarril con Palma?Inca
28%
Durante la II República española un sector de la sociedad de Menorca pretendía una unión institucional y política, ¿con qué otro territorio español?Catalunya
27%
¿Qué religioso mallorquín del siglo XVIII es el único español que posee una estatua en su honor en el Capitolio de los Estados Unidos?Fra Juníper Serra
25%
¿En 1523, Carlos I de España otorga a qué ciudad el título de "Ciudad fidelísima" en virtud por su resistencia en la Guerra de las Germanias de Mallorca?Alcúdia
23%
¿Durante la dominación musulmana de Baleares, cuál era la residencia del valí islámico en Madina Mayurqa (actual Palma)?Castillo o Palacio de la Almudaina
23%
¿La derrota en qué guerra supuso la pérdida de instituciones propias y privilegios del Reino de Mallorca en el siglo XVIII?Guerra de Sucesión española
23%
¿Qué ciudad balear actual es la antigua ciudad romana de "Iamo"?Ciutadella
20%
¿Cuál ha sido el último balear en ocupar la responsabilidad de ministro del Gobierno de España, (años 2000-2003)?Jaume Matas i Palou
20%
"Ibiza" es un topónimo de origen fenicio que significa "Isla de los _______"Pinos
20%
Durante la etapa final del Imperio Romano, las islas Baleares se constituyen en una provincia romana que recibe el nombre de: ____________Baleárica
18%
¿Hasta qué año compartieron Consejo Insular las islas de Ibiza y Formentera?2007
17%
¿Qué político balear ocupó en 5 ocasiones la Presidencia del Gobierno español durante las primeras décadas del siglo XX?Antoni Maura i Montaner
14%
Español Premio Nobel de Literatura que trasladó su residencia a Mallorca a finales de la década de 1950 y dinamizó la vida cultural de la isla, especialmente con las conocidas "Converses de Formentor"Camilo José Cela
13%
¿Qué importante cargo político español ocupó durante la etapa 1986-1996 el mallorquín Fèlix Pons?Presidente del Congreso de los Diputados
11%
¿Qué rey aragonés conquistó la isla de Menorca en 1287?Alfonso III el Liberal
10%
¿En qué importante evento del siglo XV, y que significó la entronización de la dinastía Trastámara en la Corona de Aragón, NO tuvo derecho a participar el Reino de Mallorca?Compromiso de Caspe
10%
¿Qué título nobiliario, relacionado con Baleares, concede en 1997 y revoca en 2015 el jefe del Estado español?Ducado de Palma
10%
¿En qué siglo se creó el título de "Duque de Artà" para designar al heredero al trono de la Corona de Mallorca?Jamás existió un título nobiliario específico que designase al heredero de la Corona de Mallorca
8%
¿De qué provincia eclesiástica se segrega, a finales del siglo XVIII, la isla de Ibiza y la isla de Formentera, para formar el Obispado de Ibiza?Provincia Eclesiástica Tarraconense
8%
¿Qué importante evento deportivo internacional tuvo lugar en Palma el verano de 1999?XX edición de los Juegos Univeristarios
8%
¿Quiénes suceden a los vándalos en el dominio de Baleares en el siglo VI?Bizancio
7%
¿Con qué nombre se conoce el salón donde se reune el Parlamento Balear?Sala de las Cariátides
5%
¿Gracias a qué famoso Papa del siglo VI-VII sabemos de la existencia de un monasterio en la isla de Cabrera?Gregorio Magno
4%
¿Con que mote, apodo o sobrenombre era conocido el último rey de la Casa de Mallorca?"El Temerario"
2%
El mallorquín Bernat Nadal presidió en 1811 las primeras Cortes liberales de España, pero ¿qué otro importante cargo detentaba en Baleares?Obispo de Mallorca
2%

Distribución de puntuación

Porcentaje por número respondido

Porcentaje de gente con cada puntuación

Historial de tus puntuaciones

No has intentado esta prueba.